Quiz sur les Îles Anglo-Normandes - Statistiques

Statistiques générales
  • Ce quiz a été pris 28 fois
  • Le résultat moyen est 11 sur 23
Statistiques - réponses
Question Réponse % Correct
la plus grande île de l'archipel Jersey
96%
La 2e plus grande île de l'archipel Guernesey
92%
Pays le plus proche de l'archipel France
77%
C'est le seul territoire du pays souverain a avoir été envahi par les _________ pendant la Seconde Guerre Mondiale Allemand
73%
Monarque actuel Charles III
73%
Son titre monastique sur l'archipel {Duc} de Normandie
73%
Mer auquelle se trouve l'archipel La Manche
73%
Pays qui possède cet archipel Royaume-Uni
73%
Avec quel moyen de transport peut on y aller depuis Saint-Malo, Granville ou Portsmouth Ferry
65%
Même avant la sortie de pays souverain de cette organisation européenne, l'archipel en a jamais fait parti Union Européenne
62%
Poète français exilé, qui à résider sur les iles sous Napoléon III Victor Hugo
58%
Plus grande villes Saint-Hélier
54%
Autre territoire qui possède le même statut Île de Man
50%
On dit de cette île vie encore au moyen âge Sercq
38%
Statut de ces territoires {Dépendance} de la Couronne
35%
Île la plus au nord Aurigny
31%
Une des 3 langues locales Jersiais | Guernesiais | Sercqiais
19%
Nom de sa demeure devenu un musée aujourd'hui Hauteville House
15%
Cette île est privée Herm
15%
L'archipel est coupé en 2 subdivisions nommés Baillage
12%
Plus grande villes Saint-Pierre-Port
12%
Ce sont les derniers territoire ________ d'Europe Féodale / Seigneuriale
0%
Ensemble de dolmens néolithique sur la plus grande île figurant sur les pièce de 0,10£ local La Pauquelaye de Faldouet
0%
Aucun quiz correspondant
Distribution des résultats
% des personnes avec chaque résultat
Percentile par nombre de réponses
Votre historique - résultats
Vous n’avez pas pris ce quiz